| 000 | 00592nam a2200217Ia 4500 | ||
|---|---|---|---|
| 005 | 20250923145926.0 | ||
| 008 | 008 250917s9999 xx 000 0 eng d | ||
| 037 | _aTextual | ||
| 040 |
_aDSWL _beng _cDSWL |
||
| 041 |
_aeng _2eng |
||
| 084 |
_aYX,zr:5x2, N93;3 _qDSWL |
||
| 100 |
_aMane, P. _9840366 |
||
| 245 | 0 |
_aMental health in India _c by P. Mane |
|
| 260 |
_aBombay _bT.I.S.S. _c1993 |
||
| 300 | _ax,407p. | ||
| 365 |
_aINR _b130.00 |
||
| 700 |
_a K.Y. Gandevia _9840367 |
||
| 925 | _g130.00 | ||
| 942 |
_cTEXL _hYX,zr:5x2, N93;3 |
||
| 999 |
_c1457419 _d1457419 |
||